Luis Adaro y Magro (1849-1915) (Record no. 66467)

MARC details
000 -LEADER
campo de control de longitud fija 01080nam a2200265 i 4500
001 - NÚMERO DE CONTROL
campo de control 66467
003 - IDENTIFICADOR DE NÚMERO DE CONTROL
campo de control ES-MaACL
005 - FECHA Y HORA DE LA ÚLTIMA TRANSACCIÓN
campo de control 20250817211335.0
007 - CAMPO FIJO DE DESCRIPCIÓN FÍSICA--INFORMACIÓN GENERAL
campo de control de longitud fija t|
008 - DATOS DE LONGITUD FIJA--INFORMACIÓN GENERAL
campo de control de longitud fija 030206s2002 sp a |||| |bspa d
020 ## - NÚMERO INTERNACIONAL ESTÁNDAR DEL LIBRO
Número Internacional Estándar del Libro 84-95401-80-0
080 ## - NÚMERO DE LA CLASIFICACIÓN DECIMAL UNIVERSAL
Número de la Clasificación Decimal Universal 929 Adaro y Magro, Luis
080 ## - NÚMERO DE LA CLASIFICACIÓN DECIMAL UNIVERSAL
Número de la Clasificación Decimal Universal 622(460.12)"18/19"
100 1# - ENTRADA PRINCIPAL--NOMBRE DE PERSONA
Nombre de persona Mañana Vázquez, Ramón.
9 (RLIN) 76250
245 10 - MENCIÓN DEL TÍTULO
Título Luis Adaro y Magro (1849-1915)
Resto del título : ingeniero de minas, agente innovador de la primera revolución industrial asturiana /
Mención de responsabilidad, etc. Ramón Mañana Vázquez.
260 ## - PUBLICACIÓN, DISTRIBUCIÓN, ETC.
Lugar de publicación, distribución, etc. [Madrid] :
Nombre del editor, distribuidor, etc. Instituto Geológico y Minero de España :
-- Consejo Superior de Colegios de Ingenieros de Minas de España,
Fecha de publicación, distribución, etc. 2002.
300 ## - DESCRIPCIÓN FÍSICA
Extensión 165 p. :
Otras características físicas il. col. y n. ;
Dimensiones 30 cm.
504 ## - NOTA DE BIBLIOGRAFÍA, ETC.
Nota de bibliografía, etc. Bibliografía: p. 157-159. Índice.
600 14 - PUNTO DE ACCESO ADICIONAL DE MATERIA--NOMBRE DE PERSONA
Nombre de persona Adaro, Luis de,
Fechas asociadas al nombre 1849-1915
9 (RLIN) 18415
650 #4 - PUNTO DE ACCESO ADICIONAL DE MATERIA--TÉRMINO DE MATERIA
Término de materia o nombre geográfico como elemento de entrada Minería-
Subdivisión geográfica Asturias (Comunidad Autónoma)
9 (RLIN) 167074
710 2# - ENTRADA AGREGADA--NOMBRE DE ENTIDAD CORPORATIVA
Nombre de entidad corporativa o nombre de jurisdicción como elemento de entrada Instituto Geológico y Minero de España.
9 (RLIN) 5077
710 2# - ENTRADA AGREGADA--NOMBRE DE ENTIDAD CORPORATIVA
Nombre de entidad corporativa o nombre de jurisdicción como elemento de entrada Consejo Superior de Colegios de Ingenieros de Minas.
9 (RLIN) 3232
852 ## - LOCALIZACIÓN
Ubicación ES-MaACL
Número de control de estantería L-26972
Holdings
Estatus retirado Estado de pérdida Estado de daño No para préstamo Biblioteca de origen Biblioteca actual Ubicación en estantería Fecha de adquisición Fuente de adquisición Total de préstamos Signatura topográfica completa Código de barras Visto por última vez Precio de reemplazo Tipo de ítem Koha
        Biblioteca del Ateneo de Madrid Biblioteca del Ateneo de Madrid Depósito 2 17/01/2008     L-26972 1069629 23/02/2023 23/02/2023 Libro impreso